<?xml version="1.0" encoding="UTF-8"?>
<record
    xmlns:xsi="http://www.w3.org/2001/XMLSchema-instance"
    xsi:schemaLocation="http://www.loc.gov/MARC21/slim http://www.loc.gov/standards/marcxml/schema/MARC21slim.xsd"
    xmlns="http://www.loc.gov/MARC21/slim">

  <leader>02191    a2200181   4500</leader>
  <datafield tag="020" ind1=" " ind2=" ">
    <subfield code="a">8174731032</subfield>
  </datafield>
  <datafield tag="020" ind1=" " ind2=" ">
    <subfield code="a">9788174731036</subfield>
  </datafield>
  <datafield tag="090" ind1=" " ind2=" ">
    <subfield code="c">3173</subfield>
    <subfield code="d">3173</subfield>
  </datafield>
  <datafield tag="100" ind1="1" ind2=" ">
    <subfield code="a">Nicholas, Joseph G.</subfield>
  </datafield>
  <datafield tag="245" ind1="1" ind2="0">
    <subfield code="a">Investing in hedge funds :</subfield>
    <subfield code="b">strategies for the new market place /</subfield>
    <subfield code="c">Joseph G. Nicholas.</subfield>
  </datafield>
  <datafield tag="260" ind1=" " ind2=" ">
    <subfield code="a">[S.l.] :</subfield>
    <subfield code="b">Deep &amp; Deep Publications,</subfield>
    <subfield code="c">2002.</subfield>
  </datafield>
  <datafield tag="300" ind1=" " ind2=" ">
    <subfield code="a">302 p. ;</subfield>
    <subfield code="c">22 cm.</subfield>
  </datafield>
  <datafield tag="500" ind1=" " ind2=" ">
    <subfield code="a">Hardcover.</subfield>
  </datafield>
  <datafield tag="520" ind1=" " ind2=" ">
    <subfield code="a">The first book to demystify hedge funds-insightful, practical, and easy-to-follow. Cash is flooding into hedge funds at a remarkable rate. The industry has experienced a $38 billion growth spurt in the last two years. 1997 alone saw a 40% increase in investor capital. Surprisingly, this tremendous growth has been fueled largely by individual investors, not by professionals. Though sophisticated investors see hedge funds as an attractive and viable option, until now information has been scarce. This is the first book for consumers who want to learn more about investing in hedge funds. It's the only resource that describes how hedge funds work specifically for individuals-including risk factors. Written by a professional investment adviser, Investing in Hedge Funds demystifies hedge funds and walks the consumer through the investment process step by step. This is the definitive guide to the increasingly popular hedge fund universe. Hedge funds are investments, run by fund managers, that use one or more alternative investment strategies, including investing in assets, such as currencies or distressed securities; hedging against market downturns; and utilizing return-enhancing tools, such as leverage and short selling. Consistency of return is typically the primary investment goal, not magnitude. Includes: Hedge fund basics: what they are and how to invest in them; Insights from top fund managers; How-to strategies clearly explained; Risk management and monitoring; Appendix with useful information sources; Sample portfolios.</subfield>
  </datafield>
  <datafield tag="856" ind1="4" ind2="0">
    <subfield code="3">Amazon.com</subfield>
    <subfield code="u">http://www.amazon.com/exec/obidos/ASIN/8174731032/chopaconline-20</subfield>
  </datafield>
  <datafield tag="856" ind1="4" ind2="0">
    <subfield code="3">Amazon customer reviews</subfield>
    <subfield code="u">http://www.chopac.org/cgi-bin/tools/azrev.pl?q=8174731032</subfield>
  </datafield>
  <datafield tag="942" ind1=" " ind2=" ">
    <subfield code="a">NBS</subfield>
    <subfield code="c">BK</subfield>
    <subfield code="k">332.64 NIC</subfield>
  </datafield>
  <datafield tag="999" ind1=" " ind2=" ">
    <subfield code="c">345661</subfield>
    <subfield code="d">345661</subfield>
  </datafield>
  <datafield tag="952" ind1=" " ind2=" ">
    <subfield code="0">0</subfield>
    <subfield code="1">0</subfield>
    <subfield code="4">0</subfield>
    <subfield code="7">0</subfield>
    <subfield code="a">CL</subfield>
    <subfield code="b">CL</subfield>
    <subfield code="d">2013-08-28</subfield>
    <subfield code="l">1</subfield>
    <subfield code="o">332.64 NIC</subfield>
    <subfield code="p">NBS4499</subfield>
    <subfield code="r">2017-11-22</subfield>
    <subfield code="s">2017-08-04</subfield>
    <subfield code="w">2013-08-28</subfield>
    <subfield code="y">BK</subfield>
  </datafield>
</record>
